000 00438nam a2200157 a 4500
001 000030582
005 20200930062406.0
008 110524s1994 sp a 000 0 spa d
100 1 _aCastro, Antonio
_957184
245 1 0 _aRebelde sin causa /
_cAntonio Castro.
260 _aBarcelona :
_bLibros Dirigido,
_c1994.
300 _a141 p. :
_bil. ;
_c21 cm.
490 1 _aPrograma doble
830 0 _aPrograma doble
_957185
999 _c30074
_d30074
040 _aDO-SdBNP